MARC

LEADER 00000nam0a2200000 4500
001 24742
005 20231101205628.0
010 |a 5244004751 
035 |a (RuTPU)RU\TPU\book\24972 
035 |a BOOK00025045 
090 |a 24742 
100 |a 20011209d2000 k y0rusy50 ca 
101 0 |a rus 
102 |a RU 
105 |a b z 001zy 
200 1 |a Зоны землетрясений  |f В. А. Апродов 
210 |a Москва  |c Мысль  |d 2000 
215 |a 462 с.  |c карт. 
225 1 |a Природа мира 
320 |a Библиогр.: с. 430-448. 
606 |a Землетрясения  |2 stltpush  |3 (RuTPU)RU\TPU\subj\11717  |9 38626 
610 1 |a зоны 
610 1 |a сейсмические толчки 
610 1 |a эпицентры 
610 1 |a сейсмические пояса 
610 1 |a пояса Земли 
610 1 |a катастрофы 
610 1 |a ущербы 
610 1 |a таблицы 
675 |a 550.348.436  |v 3 
700 1 |a Апродов  |b В. А.  |g Владимир Александрович 
801 0 |a RU  |b 63413507  |c 20011209  |g PSBO 
801 2 |a RU  |b 63413507  |c 20171226  |g PSBO 
942 |c BK